| 000 | 00861nam a2200265 a 4500 | ||
|---|---|---|---|
| 001 | 25205 | ||
| 003 | CO-ViMGA | ||
| 008 | 141112s2004 ck r 000 u spa d | ||
| 015 | _ack - 2012 - xxxx | ||
| 020 | _a9789588756028 | ||
| 040 |
_aCO-ViMGA _bspa _cCO-ViMGA |
||
| 041 |
_aspa _beng |
||
| 082 | 0 | 4 | _aI 591 A76 |
| 245 | 1 | 0 |
_aAnimales asombrosos / _c[ilustraciones Martin Camm, Peter Wilks] |
| 250 | _a1a. ed. | ||
| 260 |
_aBogotá : _bPanAméricana, _cc2012 |
||
| 300 | _a39 p. : il. col. ; 28 cm. | ||
| 490 | _aTiempo de preguntas | ||
| 500 | _aIncluye índice | ||
| 650 | 1 | 4 |
_aAnimales - Enseñanza - Literatura juvenil - Preguntas y respuestas _938382 |
| 700 | 1 |
_aCamm, Martin, il. _938383 |
|
| 917 | _a2013 - 2986 2ejemplares | ||
| 942 |
_2ddc _cBK |
||
| 990 | _a2013 - 2986 PanAméricana 2ejemplares 21 29/04/2013 a839220 07/03/2013 28/02/2013 | ||
| 999 |
_c32832 _d32832 |
||